000 00691nam a2200265Ia 4500
005 20260121165941.0
008 008 260114s9999 xx 000 0 eng d
020 _a9789811005008
037 _aEBOOK
040 _aCRL
040 _beng
040 _cCRL
041 _2eng
041 _aeng
084 _qCRL
100 _aWardah Tahir, Sahol Hamid Abu Bakar, Marfiah Ab. Wahid, Siti Rashidah Mohd Nasir, Wei Koon Lee
_91057981
245 0 _aISFRAM 2015
260 _bSpringer
260 _bSpringer
260 _c2016
856 _uhttps://link.springer.com/openurl?genre=book&isbn=978-981-10-0500-8
942 _cEBOOK
999 _c1623710
_d1623710